| 000 | 00951nam a22002177a 4500 | ||
|---|---|---|---|
| 999 |
_c8094 _d8094 |
||
| 003 | AR-CdUCM | ||
| 008 | 190322b ||||| |||| 00| 0 spa d | ||
| 040 |
_aMUNICIPALIDAD PROVINCIAL DEL CUSCO _cBIBLIOTECA MUNICIPAL DEL CUSCO |
||
| 082 |
_a624.1513 / _bR53 |
||
| 100 |
_aRico Rodríguez, Alfonso _922860 |
||
| 245 |
_aLa ingeniería de los suelos en las vías terrestres : _bCarreteras,ferrocarriles y aeropistas / |
||
| 260 |
_aMéxico : _bLimusa, _c1976. |
||
| 300 |
_a2v. _bIlustraciones. tablas desplegables, _c24 cm. |
||
| 505 | _aContenido : v.1: Breves nociones de mecánica de suelos - Clasificación de suelos desde el punto de vista de las vías terrestres... -- v.2: Cimentaciones para estructuras viales - Pavimentos flexibles... | ||
| 650 |
_aIngeniería civil _922861 |
||
| 650 |
_aIngeniería de suelos _922862 |
||
| 650 |
_aConstrucción _94996 |
||
| 700 |
_aHermilio del Castillo _922863 |
||
| 942 |
_2ddc _cLIBROS |
||
| 945 | _admma | ||